000
00333 a2200157 4500
001
178994
020
_a
040
_c
Magnum
100
_a
Gewandsznajder, Fernando
240
1
0
_a
Sexo e reproducao
_l
por
245
1
0
_a
Sexo e reproducao
362
0
_a
1899
440
1
_a
Ática
697
_a
MAGNITO: PARADIDATICOS
942
_c
BK
999
_c
178994
_d
178994